| 000 | 00580nam a2200181 a 4500 | ||
|---|---|---|---|
| 001 | 000026966 | ||
| 003 | DO-SdBNP | ||
| 005 | 20250306143823.0 | ||
| 008 | 110328s1971 dr a 000 0 spa d | ||
| 040 |
_aDO-SdBNP _bspa _cBNPHU |
||
| 049 | _aBNPD | ||
| 082 | _axxxx | ||
| 110 | 1 |
_aUniversidad Autónoma de Santo Domingo _bUniversidad Autónoma de Santo Domingo _972951 |
|
| 245 | 1 | 0 | _aCatálos general 1970-1971. |
| 260 |
_aSanto Domingo, : _bComisión para el Desarrollo y Reforma Universitaria de la UASD, _c[1971?]. |
||
| 300 |
_a460 p. : _bil. ; _c21 cm. |
||
| 942 |
_2ddc _cLBS1 |
||
| 999 |
_c26458 _d26458 |
||